000 00297nam a2200121Ia 4500
008 241014s9999||||xx |||||||||||||| ||und||
020 _a0 07 146208 2
100 _a"Kamienski ,Mary"
245 0 _apharmacology demystified
260 _bMcgraw hill
_c2006
650 _aPharmacology
942 _bDCOP
_cBK
999 _c289
_d289